[Event "Dublin Irish New Year GM"]
[Site "Dublin"]
[Date "2022.01.06"]
[Round "9"]
[White "Collins, Sam E"]
[Black "O'Gorman, Tom"]
[Result "1-0"]
[WhiteElo "2456"]
[BlackElo "2350"]
[PlyCount "145"]
[EventDate "2022.01.02"]
[EventType "tourn"]
[EventRounds "9"]
[EventCountry "IRL"]
[EventCategory "5"]
[SourceTitle "EXT 2023"]
[Source "ChessBase"]
[SourceDate "2022.10.05"]
[SourceVersion "1"]
[SourceVersionDate "2022.10.05"]
[SourceQuality "1"]

1. e4 c5 2. c3 Nf6 3. e5 Nd5 4. Nf3 e6 5. d4 cxd4 6. cxd4 d6 7. Bc4 Be7 8. 0-0 0-0 9. Qe2 Bd7 10. Nc3 Nxc3 11. bxc3 Bc6 12. Bf4 Qc7 13. Bd3 Nd7 14. Rfe1 Bxf3 15. Qxf3 dxe5 16. dxe5 Rfd8 17. Rac1 Nf8 18. Be4 Rd7 19. Bg3 Rad8 20. h4 b6 21. h5 Bg5 22. Bf4 Bxf4 23. Qxf4 f5 24. Bc2 Qxc3 25. Bxf5 Qd2 26. Qxd2 Rxd2 27. Bc2 Nd7 28. Kf1 h6 29. Re2 Nc5 30. Rxd2 Rxd2 31. Ke1 Rd5 32. f4 Rd4 33. g3 Kf7 34. Rd1 Rc4 35. Kd2 Ke7 36. Re1 Kd7 37. Re3 Kc6 38. Rc3 Rd4+ 39. Ke3 Rd8 40. a4 Rc8 41. Be4+ Kd7 42. Bc2 Kc7 43. g4 Re8 44. Rc4 Kb7 45. Rd4 Ka6 46. Rd6 Ka5 47. Kd4 Kb4 48. f5 exf5 49. gxf5 Rc8 50. e6 Nxe6+ 51. fxe6 Rxc2 52. Rd5 Rc8 53. Ke5 Kxa4 54. e7 Re8 55. Ke6 b5 56. Rd8 Rxe7+ 57. Kxe7 b4 58. Kf7 b3 59. Kxg7 a5 60. Kxh6 b2 61. Rb8 Ka3 62. Kg5 a4 63. h6 Ka2 64. Rxb2+ Kxb2 65. h7 a3 66. h8Q+ Kb1 67. Qh1+ Kb2 68. Qg2+ Kb1 69. Qf1+ Kb2 70. Qe2+ Kb1 71. Qe1+ Kb2 72. Qb4+ Ka2 73. Kf4 1-0

[Event "Dublin Irish New Year GM"]
[Site "Dublin"]
[Date "2022.01.04"]
[Round "5"]
[White "Gonzalez Garcia, Jose"]
[Black "Collins, Sam E"]
[Result "1-0"]
[WhiteElo "2466"]
[BlackElo "2456"]
[PlyCount "101"]
[EventDate "2022.01.02"]
[EventType "tourn"]
[EventRounds "9"]
[EventCountry "IRL"]
[EventCategory "5"]
[SourceTitle "EXT 2023"]
[Source "ChessBase"]
[SourceDate "2022.10.05"]
[SourceVersion "1"]
[SourceVersionDate "2022.10.05"]
[SourceQuality "1"]

1. Nf3 Nf6 2. c4 g6 3. g3 Bg7 4. Bg2 0-0 5. 0-0 c5 6. Nc3 Nc6 7. d4 d6 8. e3 Bd7 9. b3 Qc8 10. Bb2 Bh3 11. d5 Nb8 12. Qe2 a6 13. e4 Bxg2 14. Kxg2 Nbd7 15. Rad1 b5 16. Nd2 Qb7 17. f4 e6 18. Qf3 exd5 19. cxd5 Rfe8 20. e5 dxe5 21. Nde4 Nxe4 22. Nxe4 Qb6 23. f5 gxf5 24. d6 fxe4 25. Qxf7+ Kh8 26. Qxd7 Rad8 27. Qc7 Qxc7 28. dxc7 Rd3 29. Rxd3 exd3 30. Rf7 Kg8 31. Rd7 Bf6 32. Bxe5 Bxe5 33. Rd8 Bxc7 34. Rxe8+ Kf7 35. Re3 d2 36. Rf3+ Ke6 37. Rf1 Ke5 38. Kf3 c4 39. bxc4 bxc4 40. Ke2 c3 41. Kd3 Ba5 42. g4 h6 43. Rf5+ Ke6 44. Kc2 Bc7 45. h4 Be5 46. Rh5 Bf4 47. Ra5 Kd6 48. a4 Ke6 49. g5 hxg5 50. hxg5 Be3 51. g6 1-0

[Event "Bunratty Online"]
[Site "Chess.com INT"]
[Date "2021.02.20"]
[Round "9"]
[White "Collins, Sam E"]
[Black "Keymer, Vincent"]
[Result "0-1"]
[WhiteElo "2456"]
[BlackElo "2591"]
[PlyCount "94"]
[EventDate "2021.02.20"]
[EventType "swiss (blitz)"]
[EventRounds "9"]
[EventCountry "IRL"]
[SourceTitle "CBM 200 Extra"]
[Source "ChessBase"]
[SourceDate "2021.03.31"]
[SourceVersion "1"]
[SourceVersionDate "2021.03.31"]
[SourceQuality "1"]

1. e4 c6 2. d4 d5 3. exd5 cxd5 4. c4 Nf6 5. Nc3 Nc6 6. Nf3 e6 7. cxd5 Nxd5 8. Bd3 Be7 9. 0-0 0-0 10. Be4 Bf6 11. Qd3 g6 12. Bh6 Re8 13. Rad1 b6 14. Rfe1 Bb7 15. Bxd5 Nb4 16. Bxb7 Nxd3 17. Rxd3 Rb8 18. Bc6 Re7 19. Bf4 Rc8 20. Bb5 Bg7 21. Bg5 f6 22. Bf4 g5 23. Bg3 g4 24. Nd2 h5 25. Bf4 Kh7 26. h3 Bh6 27. Bxh6 Kxh6 28. hxg4 hxg4 29. Nf1 Qd6 30. a3 f5 31. Red1 Rh7 32. Ng3 Kg6 33. d5 e5 34. R3d2 e4 35. Nce2 Kg5 36. Nc3 Rch8 37. Kf1 Qf4 38. Rd4 Qe5 39. Ke2 e3 40. f4+ gxf3+ 41. Kxf3 Rh4 42. Nce2 Rg4 43. Bd7 Rhh4 44. Bxf5 Rxd4 45. Nxd4 Rxd4 46. Ne4+ Kxf5 47. g4+ Kg6 0-1

[Event "Bunratty Online"]
[Site "Chess.com INT"]
[Date "2021.02.20"]
[Round "8"]
[White "Collins, Sam E"]
[Black "Steil Antoni, Fiona"]
[Result "1-0"]
[WhiteElo "2456"]
[BlackElo "2129"]
[PlyCount "27"]
[EventDate "2021.02.20"]
[EventType "swiss (blitz)"]
[EventRounds "9"]
[EventCountry "IRL"]
[SourceTitle "CBM 200 Extra"]
[Source "ChessBase"]
[SourceDate "2021.03.31"]
[SourceVersion "1"]
[SourceVersionDate "2021.03.31"]
[SourceQuality "1"]

1. e4 e5 2. Nf3 Nc6 3. Bb5 a6 4. Bxc6 dxc6 5. Nc3 f6 6. d4 Bg4 7. dxe5 Qxd1+ 8. Nxd1 Bxf3 9. gxf3 fxe5 10. f4 Bd6 11. fxe5 Bxe5 12. f4 Bd6 13. Be3 Nf6 14. e5 1-0

[Event "Bunratty Online"]
[Site "Chess.com INT"]
[Date "2021.02.20"]
[Round "5"]
[White "Jones, Gawain C B"]
[Black "Collins, Sam E"]
[Result "1-0"]
[WhiteElo "2670"]
[BlackElo "2456"]
[PlyCount "57"]
[EventDate "2021.02.20"]
[EventType "swiss (blitz)"]
[EventRounds "9"]
[EventCountry "IRL"]
[SourceTitle "CBM 200 Extra"]
[Source "ChessBase"]
[SourceDate "2021.03.31"]
[SourceVersion "1"]
[SourceVersionDate "2021.03.31"]
[SourceQuality "1"]

1. e4 e5 2. Nf3 Nc6 3. Bc4 Bc5 4. c3 Nf6 5. d4 exd4 6. e5 d5 7. Bb5 Ne4 8. cxd4 Bb6 9. Nc3 0-0 10. Be3 Bg4 11. h3 Bh5 12. Qc2 Ba5 13. 0-0 Bxf3 14. gxf3 Nxd4 15. Bxd4 Bxc3 16. Be3 Bxe5 17. fxe4 Qh4 18. Kg2 dxe4 19. f4 exf3+ 20. Rxf3 c6 21. Bd3 Rad8 22. Raf1 Rd7 23. Bc4 g6 24. Be6 Re7 25. Bb3 Kg7 26. Bc5 Qg5+ 27. Kh1 Rd7 28. Bxf8+ Kxf8 29. Rxf7+ 1-0

[Event "Dublin Irish New Year GM"]
[Site "Dublin"]
[Date "2020.01.05"]
[Round "6"]
[White "Collins, Sam E"]
[Black "Li, Henry"]
[Result "1/2-1/2"]
[WhiteElo "2446"]
[BlackElo "2288"]
[PlyCount "91"]
[EventDate "2020.01.02"]
[EventType "tourn"]
[EventRounds "9"]
[EventCountry "IRL"]
[EventCategory "6"]
[SourceTitle "CBM 194 Extra"]
[Source "ChessBase"]
[SourceDate "2020.03.31"]
[SourceVersion "1"]
[SourceVersionDate "2020.03.31"]
[SourceQuality "1"]

1. e4 e5 2. Nf3 Nc6 3. Bb5 a6 4. Ba4 Nf6 5. 0-0 Nxe4 6. d4 b5 7. Bb3 d5 8. dxe5 Be6 9. Qe2 Be7 10. Rd1 0-0 11. c4 bxc4 12. Bxc4 Bc5 13. Be3 Bxe3 14. Qxe3 Qb8 15. Bb3 Rd8 16. Nc3 Nxc3 17. Qxc3 Qb6 18. Rac1 Na5 19. Nd4 Nc4 20. h3 h6 21. Kh2 c5 22. Nxe6 Qxe6 23. Bxc4 dxc4 24. f4 Rxd1 25. Rxd1 Rb8 26. Qc2 c3 27. bxc3 Qc4 28. Qf5 Qxa2 29. Rd6 Qc4 30. Qg4 Kh8 31. Qg3 Re8 32. f5 Qe4 33. f6 Qxe5 34. fxg7+ Qxg7 35. Rxa6 Qxg3+ 36. Kxg3 Re3+ 37. Kf4 Rxc3 38. Rxh6+ Kg7 39. Rc6 c4 40. h4 Rc1 41. h5 c3 42. h6+ Kh7 43. Kg5 c2 44. Rc7 Rf1 45. Rxc2 f6+ 46. Kg4 1/2-1/2

[Event "Dublin Irish New Year GM"]
[Site "Dublin"]
[Date "2020.01.03"]
[Round "2"]
[White "Brady, Stephen"]
[Black "Collins, Sam E"]
[Result "1/2-1/2"]
[WhiteElo "2285"]
[BlackElo "2446"]
[PlyCount "138"]
[EventDate "2020.01.02"]
[EventType "tourn"]
[EventRounds "9"]
[EventCountry "IRL"]
[EventCategory "6"]
[SourceTitle "CBM 194 Extra"]
[Source "ChessBase"]
[SourceDate "2020.03.31"]
[SourceVersion "1"]
[SourceVersionDate "2020.03.31"]
[SourceQuality "1"]

1. e4 e5 2. Nf3 Nc6 3. Bc4 Bc5 4. c3 Nf6 5. d3 a6 6. Nbd2 d6 7. Bb3 Ba7 8. h3 0-0 9. Nf1 d5 10. Qe2 Be6 11. Ng3 dxe4 12. dxe4 Bxb3 13. axb3 a5 14. Bg5 Qd6 15. Nf5 Qe6 16. Bxf6 Qxf6 17. 0-0 Rfd8 18. Rfd1 Bb6 19. Nd2 Ne7 20. Nxe7+ Qxe7 21. Nc4 Qc5 22. Ne3 c6 23. Rxd8+ Rxd8 24. Rd1 Qf8 25. Rd3 Rxd3 26. Qxd3 Qd8 27. Qxd8+ Bxd8 28. Kf1 f6 29. Ke2 Kf7 30. Kd3 Ke6 31. f3 g6 32. g4 Bb6 33. Nc4 Bd8 34. Ne3 Bb6 35. Nc4 Bc7 36. Ne3 Bd8 37. Nc4 Bc7 38. Ne3 Kf7 39. Nc4 Ke7 40. Ne3 Ke6 41. Nc4 b5 42. Ne3 Bb6 43. Ng2 Bf2 44. Ke2 Bb6 45. Kd3 Bf2 46. Ke2 Bc5 47. Kd3 Bf8 48. Ke2 Bh6 49. Kd3 Bc1 50. Kc2 Bg5 51. Kd3 Kd6 52. Ne1 Bh4 53. Ng2 Bg3 54. Ne3 Kc5 55. Nc2 Kd6 56. Ne3 Bf2 57. Ng2 Kc5 58. Ke2 Bg3 59. Kd3 Kb6 60. Ne3 Bf4 61. Ng2 Bg5 62. Ne1 Bh4 63. Ng2 Bg3 64. Ne3 Kc5 65. Nc2 Kd6 66. Ne3 Bf2 67. Ng2 Kc5 68. Ke2 Bg3 69. Kd3 Bf2 1/2-1/2

[Event "IRL-ch"]
[Site "Dublin"]
[Date "2019.08.05"]
[Round "3"]
[White "O'Donnell, Conor"]
[Black "Collins, Sam E"]
[Result "1/2-1/2"]
[WhiteElo "2311"]
[BlackElo "2448"]
[PlyCount "71"]
[EventDate "2019.08.03"]
[EventType "swiss"]
[EventRounds "9"]
[EventCountry "IRL"]
[SourceTitle "CBM 191 Extra"]
[Source "ChessBase"]
[SourceDate "2019.09.30"]
[SourceVersion "1"]
[SourceVersionDate "2019.09.30"]
[SourceQuality "1"]

1. c4 g6 2. d4 Nf6 3. Nc3 Bg7 4. e4 d6 5. Be2 0-0 6. Be3 c5 7. dxc5 Qa5 8. Bd2 Qxc5 9. Nf3 Bg4 10. Be3 Qa5 11. 0-0 Nc6 12. a3 Rfc8 13. b4 Qd8 14. Rc1 Qf8 15. h3 Bxf3 16. gxf3 e5 17. f4 Bh6 18. Qd2 exf4 19. Bxf4 Bxf4 20. Qxf4 Qe7 21. Rfd1 Ne5 22. Nd5 Nxd5 23. Rxd5 Re8 24. Rcd1 Nc6 25. f3 a5 26. Rxd6 axb4 27. axb4 Nxb4 28. Rd7 Qc5+ 29. Kf1 Re7 30. Qd6 Qxd6 31. R1xd6 Rae8 32. c5 Kf8 33. Bb5 Kg8 34. Be2 Nc6 35. Bb5 Ne5 36. Rxb7 1/2-1/2

[Event "IRL-chT"]
[Site "Dublin"]
[Date "2019.04.07"]
[Round "5.1"]
[White "Fox, Anthony"]
[Black "Collins, Sam E"]
[Result "0-1"]
[WhiteElo "2031"]
[BlackElo "2433"]
[PlyCount "94"]
[EventDate "2019.04.05"]
[EventType "team-swiss"]
[EventRounds "5"]
[EventCountry "IRL"]
[SourceTitle "CBM 189 Extra"]
[Source "ChessBase"]
[SourceDate "2019.06.03"]
[SourceVersion "1"]
[SourceVersionDate "2019.06.03"]
[SourceQuality "1"]
[WhiteTeam "Dun Laoghaire"]
[BlackTeam "Gonzaga"]
[WhiteTeamCountry "IRL"]
[BlackTeamCountry "IRL"]

1. e4 e5 2. Nf3 Nc6 3. Bb5 a6 4. Ba4 Nf6 5. 0-0 Be7 6. Re1 b5 7. Bb3 d6 8. c3 0-0 9. h3 Bb7 10. d4 Nd7 11. Nbd2 exd4 12. cxd4 Bf6 13. Nf1 Na5 14. Bc2 Re8 15. Ng3 g6 16. Rb1 c5 17. d5 Nc4 18. b3 Nce5 19. Nxe5 Bxe5 20. f4 Bg7 21. Be3 b4 22. Bd3 a5 23. Kh2 Ba6 24. Bxa6 Rxa6 25. Qd3 Qa8 26. Re2 a4 27. Nf1 axb3 28. axb3 Nb6 29. Nd2 Ra2 30. Rc1 Qa6 31. Qxa6 Rxa6 32. Rc2 Ra3 33. Nc4 Nxc4 34. Rxc4 Rxb3 35. e5 Bxe5 36. fxe5 Rxe5 37. Bxc5 Rxe2 38. Bxd6 Rd3 39. Rxb4 Rxd5 40. Rb8+ Kg7 41. Bb4 g5 42. Bc3+ f6 43. Rb7+ Kg6 44. Rb6 Rf5 45. Bd4 h5 46. Rb8 Rf4 47. Bc5 Rc4 0-1

[Event "IRL-chT"]
[Site "Dublin"]
[Date "2019.04.06"]
[Round "2.1"]
[White "Collins, Sam E"]
[Black "De Verdier, Michael Carl Adam"]
[Result "1-0"]
[WhiteElo "2433"]
[BlackElo "2306"]
[PlyCount "208"]
[EventDate "2019.04.05"]
[EventType "team-swiss"]
[EventRounds "5"]
[EventCountry "IRL"]
[SourceTitle "CBM 189 Extra"]
[Source "ChessBase"]
[SourceDate "2019.06.03"]
[SourceVersion "1"]
[SourceVersionDate "2019.06.03"]
[SourceQuality "1"]
[WhiteTeam "Gonzaga"]
[BlackTeam "Bray"]
[WhiteTeamCountry "IRL"]
[BlackTeamCountry "IRL"]

1. e4 e6 2. d4 d5 3. Nd2 c5 4. exd5 exd5 5. Ngf3 Nc6 6. Bb5 Qe7+ 7. Be2 Qc7 8. 0-0 Nf6 9. dxc5 Bxc5 10. Nb3 Be7 11. Bg5 0-0 12. c3 Be6 13. Nbd4 Rae8 14. h3 h6 15. Bh4 Nh5 16. Bxe7 Rxe7 17. Re1 Rfe8 18. Qd2 Nf6 19. Bd3 Qb6 20. Re2 Bc8 21. Rae1 Rxe2 22. Rxe2 Rxe2 23. Qxe2 Kf8 24. Bb5 Bd7 25. Bd3 Bc8 26. a3 Nxd4 27. Nxd4 Bd7 28. Qc2 Qd6 29. Qb3 b6 30. Qb4 Ke7 31. Kf1 a5 32. Qxd6+ Kxd6 33. Ke2 Ng8 34. Ke3 Ne7 35. h4 f6 36. g3 Be8 37. Bc2 Bd7 38. Bd3 Be8 39. Bb1 Bd7 40. b4 Be8 41. Bc2 Bd7 42. Bd3 Be8 43. Bc2 Bd7 44. f4 Be8 45. Nf5+ Nxf5+ 46. Bxf5 Bf7 47. Kd4 Be8 48. Bc2 Bd7 49. Bg6 Ba4 50. Bd3 Bb3 51. Bb1 Bc4 52. Bc2 Ba2 53. Ke3 Bc4 54. Kf3 Ke6 55. Ke3 Kd6 56. Bg6 Bb3 57. Bd3 Ba4 58. Kf3 Bd7 59. Bc2 Be6 60. Ke3 Bd7 61. Kd4 Be8 62. Bh7 Ba4 63. Bd3 Bd7 64. Bb1 Be6 65. Ba2 g5 66. f5 Bf7 67. Bb3 gxh4 68. gxh4 Kc6 69. Bd1 Kd6 70. Bf3 axb4 71. cxb4 b5 72. Bg2 Kc6 73. Bh1 Bg8 74. Bf3 Bf7 75. Bd1 Kd6 76. Bb3 Bg8 77. a4 bxa4 78. Bxa4 Bh7 79. Bc2 Bg8 80. Bb3 Bh7 81. Bc2 Bg8 82. Bb1 Kc6 83. Ba2 Bf7 84. Bb3 Bg8 85. Ba4+ Kd6 86. Be8 Bh7 87. Bg6 Bg8 88. Be8 Bh7 89. Bg6 Bg8 90. b5 Kc7 91. Kc5 d4 92. Kxd4 Kb6 93. Be8 Bb3 94. Bd7 Ba2 95. Be6 Bb1 96. Kc4 Ba2+ 97. Kd4 Bb1 98. Kd5 Kc7 99. b6+ Kxb6 100. Kd6 h5 101. Ke7 Kc5 102. Kxf6 Kd6 103. Bf7 Bxf5 104. Kxf5 Ke7 1-0

[Event "IRL-ch"]
[Site "Dublin"]
[Date "2018.08.07"]
[Round "4"]
[White "Collins, Sam E"]
[Black "Carroll, Peter"]
[Result "1-0"]
[WhiteElo "2445"]
[BlackElo "1794"]
[PlyCount "51"]
[EventDate "2018.08.04"]
[EventType "swiss"]
[EventRounds "9"]
[EventCountry "IRL"]
[SourceTitle "CBM 185 Extra"]
[Source "ChessBase"]
[SourceDate "2018.07.29"]
[SourceVersion "1"]
[SourceVersionDate "2018.07.29"]
[SourceQuality "1"]

1. e4 c5 2. Nf3 d6 3. Bb5+ Nc6 4. 0-0 Bd7 5. Re1 a6 6. Bxc6 Bxc6 7. d4 cxd4 8. Nxd4 Qc7 9. c4 Nf6 10. Nc3 g6 11. Bf4 Bg7 12. c5 e5 13. cxd6 Qxd6 14. Nxc6 Qxd1 15. Raxd1 exf4 16. Na5 0-0 17. h3 h6 18. e5 Nh7 19. Nd5 Rae8 20. Nxb7 Rxe5 21. b4 Rfe8 22. Rxe5 Rxe5 23. Nc5 Re2 24. a4 Ra2 25. a5 Nf8 26. Nxf4 1-0

[Event "IRL-ch"]
[Site "Dublin"]
[Date "2018.08.05"]
[Round "2"]
[White "Collins, Sam E"]
[Black "Wallace, Paul Anthony"]
[Result "1-0"]
[WhiteElo "2445"]
[BlackElo "2202"]
[PlyCount "139"]
[EventDate "2018.08.04"]
[EventType "swiss"]
[EventRounds "9"]
[EventCountry "IRL"]
[SourceTitle "CBM 185 Extra"]
[Source "ChessBase"]
[SourceDate "2018.07.29"]
[SourceVersion "1"]
[SourceVersionDate "2018.07.29"]
[SourceQuality "1"]

1. c4 Nf6 2. Nc3 g6 3. g3 Bg7 4. Bg2 0-0 5. e3 e5 6. Nge2 d6 7. 0-0 c6 8. d4 Nbd7 9. b4 Nb6 10. Qb3 Be6 11. d5 cxd5 12. cxd5 Bd7 13. a4 Qc7 14. Nb5 Qc4 15. Qxc4 Nxc4 16. e4 Rfc8 17. f3 Ne8 18. Kf2 Bf6 19. Na3 Bd8 20. a5 b6 21. Nxc4 Rxc4 22. Bd2 Rac8 23. Rfc1 Rxc1 24. Rxc1 Rxc1 25. Nxc1 a6 26. Bf1 b5 27. h4 h5 28. Ne2 f6 29. Be3 Kf7 30. Nc3 Ke7 31. Be2 Nc7 32. f4 Be8 33. Bf1 Bd7 34. Be2 Be8 35. g4 exf4 36. Bxf4 hxg4 37. Bxg4 Bd7 38. Be2 Ne8 39. Bd3 Kf7 40. Be3 f5 41. h5 fxe4 42. hxg6+ Kxg6 43. Bxe4+ Kf7 44. Ke2 Bf6 45. Kd2 Bd8 46. Bd3 Nc7 47. Bb6 Ke7 48. Bf2 Kf7 49. Bg3 Bf6 50. Bxd6 Bxc3+ 51. Kxc3 Nxd5+ 52. Kd4 Ke6 53. Bf8 Bc6 54. Kc5 Nxb4 55. Kxb4 Kd7 56. Kc5 Kc7 57. Kd4 Kb7 58. Bb4 Bg2 59. Ke5 Kc6 60. Bf5 Kb7 61. Kd6 Bf3 62. Kd7 Kb8 63. Kd8 Bb7 64. Bd6+ Ka7 65. Kc7 b4 66. Bxb4 Bg2 67. Bc8 Bf3 68. Bc5+ Ka8 69. Bxa6 Be4 70. Bc8 1-0

[Event "Malahide Millennium op"]
[Site "Dublin"]
[Date "2018.05.06"]
[Round "4"]
[White "Daly, Colm"]
[Black "Collins, Sam E"]
[Result "1-0"]
[WhiteElo "2311"]
[BlackElo "2446"]
[PlyCount "111"]
[EventDate "2018.05.05"]
[EventType "swiss"]
[EventRounds "6"]
[EventCountry "IRL"]
[SourceTitle "EXT 2019"]
[Source "ChessBase"]
[SourceDate "2018.10.10"]
[SourceVersion "1"]
[SourceVersionDate "2018.10.10"]
[SourceQuality "1"]

1. d4 d5 2. c4 dxc4 3. Nf3 Nf6 4. e3 Bg4 5. Bxc4 e6 6. h3 Bh5 7. 0-0 Nc6 8. b3 Bd6 9. Bb2 0-0 10. Nbd2 a6 11. Be2 Qe7 12. Nc4 Nd5 13. Nfe5 Bxe2 14. Nxc6 Bxd1 15. Nxe7+ Bxe7 16. Rfxd1 Rfd8 17. Kf1 Rac8 18. Na5 Rb8 19. Rac1 Rd7 20. a3 f6 21. g3 Kf7 22. Ke2 h5 23. Rc2 Bd8 24. b4 c6 25. Nb3 Ra8 26. e4 Nb6 27. Bc1 Nc8 28. Be3 a5 29. bxa5 Bxa5 30. d5 exd5 31. exd5 b6 32. dxc6 Rxd1 33. Kxd1 Ne7 34. Ke2 Rc8 35. Nd4 b5 36. h4 Kg6 37. Nxb5 Rxc6 38. Rxc6 Nxc6 39. Nd4 Ne5 40. a4 Nc4 41. Nc6 Bc7 42. Bd4 Kf5 43. Kd3 Na5 44. Nxa5 Bxa5 45. Bc3 Bb6 46. Be1 Kg4 47. Ke2 g5 48. f3+ Kh3 49. g4 hxg4 50. h5 g3 51. Bxg3 Kxg3 52. h6 f5 53. h7 Bd4 54. a5 Kg2 55. Kd3 Be5 56. a6 1-0

[Event "Dublin Irish Easter GM"]
[Site "Dublin"]
[Date "2018.03.31"]
[Round "6"]
[White "Fitzsimons, David"]
[Black "Collins, Sam E"]
[Result "1-0"]
[WhiteElo "2325"]
[BlackElo "2452"]
[PlyCount "53"]
[EventDate "2018.03.28"]
[EventType "tourn"]
[EventRounds "9"]
[EventCountry "IRL"]
[EventCategory "6"]
[SourceTitle "CBM 183 Extra"]
[Source "ChessBase"]
[SourceDate "2018.04.19"]
[SourceVersion "1"]
[SourceVersionDate "2018.04.19"]
[SourceQuality "1"]

1. e4 e5 2. Nf3 Nc6 3. Bc4 Nf6 4. d3 h6 5. 0-0 d6 6. c3 g5 7. d4 g4 8. Ne1 Nxe4 9. f3 d5 10. Bb5 gxf3 11. Nxf3 Bg7 12. Nxe5 Bxe5 13. dxe5 Be6 14. Nd2 Nxd2 15. Bxd2 Qd7 16. Be3 a6 17. Qa4 Rb8 18. Be2 Nxe5 19. Qd4 Ng6 20. Bh5 Rh7 21. Rae1 Qc6 22. Bd2 Kd7 23. Rxe6 fxe6 24. Bxg6 Re7 25. Bxh6 Rg8 26. Bf7 e5 27. Qf2 1-0

[Event "Dublin Irish Easter GM"]
[Site "Dublin"]
[Date "2018.03.30"]
[Round "5"]
[White "Collins, Sam E"]
[Black "Turner, Matthew"]
[Result "1/2-1/2"]
[WhiteElo "2452"]
[BlackElo "2537"]
[PlyCount "21"]
[EventDate "2018.03.28"]
[EventType "tourn"]
[EventRounds "9"]
[EventCountry "IRL"]
[EventCategory "6"]
[SourceTitle "CBM 183 Extra"]
[Source "ChessBase"]
[SourceDate "2018.04.19"]
[SourceVersion "1"]
[SourceVersionDate "2018.04.19"]
[SourceQuality "1"]

1. e4 e5 2. Nf3 Nc6 3. Bb5 a6 4. Ba4 Nf6 5. 0-0 Be7 6. Re1 b5 7. Bb3 d6 8. c3 0-0 9. h3 Be6 10. d4 Bxb3 11. axb3 1/2-1/2